Glass-to-metal seals. (Record no. 3616)
[ view plain ]
| 000 -LEADER | |
|---|---|
| fixed length control field | 00819nac a22002171u 4500 |
| 010 ## - LIBRARY OF CONGRESS CONTROL NUMBER | |
| LC control number | 51021642 |
| 035 ## - SYSTEM CONTROL NUMBER | |
| System control number | (OCoLC)1665590 |
| 082 ## - DEWEY DECIMAL CLASSIFICATION NUMBER | |
| Classification number | 671 |
| Item number | P2751 |
| 090 ## - LOCALLY ASSIGNED LC-TYPE CALL NUMBER (OCLC); LOCAL CALL NUMBER (OCLC) | |
| -- | 3616 |
| -- | 3616 |
| 100 ## - MAIN ENTRY--PERSONAL NAME | |
| Personal name | Partridge, John Henry. |
| 245 10 - TITLE STATEMENT | |
| Title | Glass-to-metal seals. |
| Statement of responsibility, etc | With a foreword by W. E. S. Turner. |
| 260 ## - PUBLICATION, DISTRIBUTION, ETC. (IMPRINT) | |
| Place of publication, distribution, etc | Sheffield [Eng.] |
| Name of publisher, distributor, etc | Society of glass Technology,1949 |
| Date of publication, distribution, etc | 1949. |
| 300 ## - PHYSICAL DESCRIPTION | |
| Extent | xii, 238 p. |
| Other physical details | illus. (part col.) |
| Dimensions | 22 cm. |
| 490 0# - Series Statement | |
| Series statement | Monographs on glass technology |
| 500 ## - GENERAL NOTE | |
| General note | Donations |
| 500 ## - GENERAL NOTE | |
| General note | Donations-Bibliotheca Alexandrina |
| 650 #0 - SUBJECT ADDED ENTRY--TOPICAL TERM | |
| Topical term or geographic name as entry element | Glass-metal sealing. |
| 830 #0 - SERIES ADDED ENTRY--UNIFORM TITLE | |
| Uniform title | Monographs on glass technology (Sheffield, Eng., Society of Glass Technology) |
| 942 ## - ADDED ENTRY ELEMENTS (KOHA) | |
| Item type | Book - Borrowing |
| Call number prefix | 671P2751 |
| Withdrawn status | Item status | Source of classification or shelving scheme | Damaged status | Not for loan | Home library | Current library | Shelving location | Date acquired | Source of acquisition | Total Checkouts | Full call number | Barcode | Date last seen | Koha item type |
|---|---|---|---|---|---|---|---|---|---|---|---|---|---|---|
| Dewey Decimal Classification | Central Library | Central Library | First floor | 02/05/2007 | Purchase | 671 PAR | 000030504 | 15/07/2025 | Book - Borrowing |